Analyser les textes de communication (notice n° 2198702)

détails MARC
000 -LEADER
fixed length control field 01548cam a2200133 4500500
005 - DATE AND TIME OF LATEST TRANSACTION
control field 20260405085559.0
041 ## - LANGUAGE CODE
Language code of text/sound track or separate title fre
042 ## - AUTHENTICATION CODE
Authentication code dc
100 10 - MAIN ENTRY--PERSONAL NAME
Personal name Maingueneau, Dominique
Relator term author
245 00 - TITLE STATEMENT
Title Analyser les textes de communication
260 ## - PUBLICATION, DISTRIBUTION, ETC.
Name of publisher, distributor, etc. Armand Colin,<br/>
Date of publication, distribution, etc. 2021.<br/>
520 ## - SUMMARY, ETC.
Summary, etc. Vivre dans le monde contemporain, c’est être confronté à une multitude de textes éphémères : tracts, journaux, affiches… Énoncés survolés, rarement lus au sens plein du mot. C’est ce type de textes, extraits pour la plupart de la presse et de la publicité, que cet ouvrage apprend à étudier.L’auteur s’attache à relier les propriétés des textes à leur situation de communication en utilisant les outils élaborés récemment par l’analyse du discours. Il donne en particulier toute leur importance aux genres de discours et à leur mise en scène. Des publicités de magazines aux articles de L’Équipe, des comptes rendus de films au Guide du routard, il nous invite à lire différemment les messages du monde dans lequel nous vivons.Paru en 1998 et considérablement enrichi au fil des années, ce manuel est devenu un instrument de travail précieux pour les étudiants qui, dans des filières très diverses, sont amenés à analyser des textes sans avoir reçu de formation spécifique en sciences du langage.Cette nouvelle édition est enrichie d'un chapitre sur les énoncés adhérents.
856 41 - ELECTRONIC LOCATION AND ACCESS
Uniform Resource Identifier <a href="https://shs.cairn.info/analyser-les-textes-de-communication--9782200626464?lang=fr&redirect-ssocas=7080">https://shs.cairn.info/analyser-les-textes-de-communication--9782200626464?lang=fr&redirect-ssocas=7080</a>

Pas d'exemplaire disponible.

PLUDOC

PLUDOC est la plateforme unique et centralisée de gestion des bibliothèques physiques et numériques de Guinée administré par le CEDUST. Elle est la plus grande base de données de ressources documentaires pour les Étudiants, Enseignants chercheurs et Chercheurs de Guinée.

Adresse

627 919 101/664 919 101

25 boulevard du commerce
Kaloum, Conakry, Guinée

Réseaux sociaux

Powered by Netsen Group @ 2025